000 00740nam a2200253Ia 4500
003 OSt
005 20221005080311.0
006 a|||||r|||| 00| 0
007 ta
008 221004b |||||||| |||| 00| 0 eng d
024 _a58963
037 _cTextual
040 _aCRL
_cCRL
_beng
041 _2eng
_aeng
082 _aY7143.4.9G, M4
100 _aKennedy Kenneth A R Ed.
_913738
245 0 _aStudies in the archaeology and palaeoanthropology of south Asia
260 _aNew Delhi
_bOxford & IBH
_c1984
300 _a144p.
_ccm.
650 _aSOCIOLOGY
700 _a Possehl Gregory L Ed.
942 _hY7143.4.9G, M4
_cTEXL
_2cc
999 _c985991
_d985991